000
00286nam a22001097a 4500
082
_a
658.5421 MAY'M
100
_a
STEGEMERTEN, G. J,MAYNARD, HAROLD B,SCHWAB, JOHN L
_9
56991
245
_a
METHODS TIME MEASUREMENT
260
_a
NEWYORK
_b
MCGRAW HILL
_c
1948
300
_a
292P
942
_c
BK
999
_c
567312
_d
567312